UITU Library & LRC     

Automotive Software Architectures: An introduction (Record no. 14170)

MARC details
000 -LEADER
fixed length control field 00514nam a2200181Ia 4500
008 - FIXED-LENGTH DATA ELEMENTS--GENERAL INFORMATION
fixed length control field 240925s9999 xx 000 0 und d
020 ## - INTERNATIONAL STANDARD BOOK NUMBER
International Standard Book Number 9783319586090
082 ## - DEWEY DECIMAL CLASSIFICATION NUMBER
Classification number 005.12 STA
100 ## - MAIN ENTRY--PERSONAL NAME
Personal name Staron, Miroslaw
245 #0 - TITLE STATEMENT
Title Automotive Software Architectures: An introduction
250 ## - EDITION STATEMENT
Edition statement NA
260 ## - PUBLICATION, DISTRIBUTION, ETC.
Place of publication, distribution, etc. New York:
Name of publisher, distributor, etc. Springer
Date of publication, distribution, etc. ,2017.
300 ## - PHYSICAL DESCRIPTION
Extent viii, 500p.
Other physical details 0
Type of unit Original
500 ## - GENERAL NOTE
General note Includes Index
600 ## - SUBJECT ADDED ENTRY--PERSONAL NAME
Personal name Computer Science
650 ## - SUBJECT ADDED ENTRY--TOPICAL TERM
Topical term or geographic name entry element Computer science, information & general works
942 ## - ADDED ENTRY ELEMENTS (KOHA)
Koha item type Books
Holdings
Withdrawn status Lost status Damaged status Not for loan Collection Home library Current library Date acquired Source of acquisition Cost, normal purchase price Total checkouts Full call number Barcode Date last seen Price effective from Koha item type
        Software Engineering UITU Library UITU Library 04/30/2018 Royal Book Company 507.00   005.12 STA Q11671 09/25/2024 09/25/2024 Books

Powered by Koha